Marvel Heroes by Real Names #13 - Statistics

General Stats
  • This quiz has been taken 10 times
  • The average score is 9 of 25
Answer Stats
Name Answer % Correct
Howard Duckson Howard the Duck
89%
Jean Grey Marvel Girl/Phoenix
89%
Peter Porker Spider-Ham
78%
Lucas Bishop Bishop
67%
James Buchanan Barnes Bucky/Winter Soldier
67%
unknown (for some versions, none); empath with antenni Mantis
56%
Tyrone Johnson Cloak
44%
unknown; an immortal whose name has been lost to time Gilgamesh
33%
Michael Twoyoungmen Shaman
33%
Melissa Gold Songbird
33%
Stakar Ogord Starhawk
33%
Philip Javert Swordsman
33%
Lei-Kung the _________ Thunderer
33%
Hope Summers White Phoenix
33%
Nakia Shauku Malice
22%
Mariko Yashida Sunfire
22%
Hector Ayala White Tiger
22%
Samuel Chung Blindspot
11%
Alejandro Montoya El Aguila
11%
Markus Ettlinger Hauptmann Deutschland
11%
Kareem Red Dagger
11%
Brandon Sharpe Striker
11%
Norika Ashida Surge
11%
Nina Prince Vampire by Night
11%
Gabriel Cohuelo Velocidad
11%
No matching quizzes found
Score Distribution
Percent of People with Each Score
Percentile by Number Answered
Your Score History
You have not taken this quiz